| 000 | 00509nam a2200205Ia 4500 | ||
|---|---|---|---|
| 003 | OSt | ||
| 005 | 20140426081414.0 | ||
| 008 | 140130s9999 xx 000 0 und d | ||
| 020 | _a0516278355 | ||
| 050 |
_aPZ 7 _b.B767Ne 2003 |
||
| 100 | _aBrmmer, Larry Dane | ||
| 245 |
_cLarry Dane Brmmer _aThe New kid(rokkie choices) |
||
| 260 |
_bScholastic, _c2003. _aNew York : |
||
| 300 |
_a31 p. : _bcol. ill. ; _c18 cm. |
||
| 440 | _v1 | ||
| 521 | _aG1 | ||
| 526 | _c170 | ||
| 942 |
_cBK _2lcc |
||
| 999 |
_c39912 _d39912 |
||